000 00461nam a2200169Ia 4500
008 090711s9999 xx 000 0 und d
082 _b12463
100 _aदेवधर सी. आर.
245 _aरघुवंशम्
260 _c1937
300 _a212
600 _aदेवधर सी. आर.
630 _aरघुवंशम्
700 _aदेवधर सी. आर.
730 _aरघुवंशम्
942 _cBOOK
999 _c314207
_d314207